Skončí sa to ako vždy
Slovensko je po Grécku druhou najhoršou krajinou EÚ vo výbere dane z pridanej hodnoty. Podpriemerne fungujúci štát pri výbere DPH si nemôže vyberať, zásadná zmena v tejto oblasti musí byť prioritou vlády.
Guardado en:
| Autor principal: | |
|---|---|
| Formato: | Capítulo de libro |
| Lenguaje: | eslovaco |
| Materias: | |
| Etiquetas: |
Sin Etiquetas, Sea el primero en etiquetar este registro!
|
MARC
| LEADER | 00000naa a2200000 4500 | ||
|---|---|---|---|
| 001 | 0158001 | ||
| 005 | 20231113075847.3 | ||
| 041 | 0 | |a slo | |
| 044 | |a SK | ||
| 245 | 1 | 0 | |a Skončí sa to ako vždy |c Marián Leško |
| 520 | |a Slovensko je po Grécku druhou najhoršou krajinou EÚ vo výbere dane z pridanej hodnoty. Podpriemerne fungujúci štát pri výbere DPH si nemôže vyberať, zásadná zmena v tejto oblasti musí byť prioritou vlády. | ||
| 610 | 2 | 0 | |a dane z hodnoty pridanej |
| 610 | 2 | 0 | |a Slovensko |
| 100 | 1 | |a Leško, Marián | |